000 00366nam a2200133Ia 4500
008 151001s9999||||xx |||||||||||||| ||und||
100 _aहरी नारायण आपटे
245 _aगड आला पण सिंह गेला
250 _a1
260 _bके ग शारंगपाणी
260 _c1951
300 _a150
365 _b7
999 _c953681
_d953678